[Event "Rome-B"]
[Site "Rome"]
[Date "1986.??.??"]
[Round "?"]
[White "Bellia, Fabrizio"]
[Black "Trepp, Markus"]
[Result "0-1"]
[WhiteElo "2230"]
[BlackElo "2390"]
[PlyCount "86"]
[EventDate "1986.01.??"]
[EventType "tourn"]
[EventRounds "9"]
[EventCountry "ITA"]
[EventCategory "4"]
[SourceTitle "EXT 1997"]
[Source "ChessBase"]
[SourceDate "1996.11.15"]
[SourceVersion "1"]
[SourceVersionDate "1996.11.15"]
[SourceQuality "1"]

1. e4 c5 2. Nf3 Nc6 3. d4 cxd4 4. Nxd4 Nf6 5. Nc3 d6 6. f4 e5 7. Nf3 Be7 8. Bd3 Qb6 9. Qe2 0-0 10. Qf2 Nd4 11. h3 Re8 12. Kf1 Bd8 13. Kg1 Nxf3+ 14. gxf3 exf4 15. Qxb6 Bxb6+ 16. Kg2 g5 17. h4 h6 18. Bd2 Bd7 19. Nb5 d5 20. Nd6 dxe4 21. fxe4 Nxe4 22. Nxe4 Bc6 23. hxg5 Rxe4 24. Bxe4 Bxe4+ 25. Kh3 Bxh1 26. Rxh1 Rc8 27. Bc3 Rc5 28. Bf6 h5 29. Kg2 Rxc2+ 30. Kf3 Kh7 31. Ke4 Kg6 32. Kxf4 Rf2+ 33. Kg3 Re2 34. Rd1 Re3+ 35. Kg2 Re2+ 36. Kg3 Re3+ 37. Kg2 h4 38. Rh1 Kh5 39. Rxh4+ Kxh4 40. g6+ Kh5 41. gxf7 Bc5 42. Bd4 Re2+ 43. Kf3 Bxd4 0-1

[Event "Rome-B"]
[Site "Rome"]
[Date "1986.??.??"]
[Round "?"]
[White "D'Amore, Carlo"]
[Black "Trepp, Markus"]
[Result "0-1"]
[WhiteElo "2340"]
[BlackElo "2390"]
[PlyCount "80"]
[EventDate "1986.01.??"]
[EventType "tourn"]
[EventRounds "9"]
[EventCountry "ITA"]
[EventCategory "4"]
[SourceTitle "EXT 1997"]
[Source "ChessBase"]
[SourceDate "1996.11.15"]
[SourceVersion "1"]
[SourceVersionDate "1996.11.15"]
[SourceQuality "1"]

1. Nf3 Nf6 2. g3 d5 3. Bg2 c6 4. d3 Bg4 5. Nbd2 Nbd7 6. h3 Bh5 7. c4 e6 8. cxd5 cxd5 9. g4 Bg6 10. Nh4 Bc5 11. Nb3 Be7 12. Bf4 Ng8 13. Nxg6 hxg6 14. 0-0 g5 15. Bg3 Bf6 16. d4 Ne7 17. e4 dxe4 18. Bxe4 Nc6 19. Re1 0-0 20. Rc1 Rc8 21. Bb1 Re8 22. Qd3 Nf8 23. Rcd1 b6 24. Qe4 Qd5 25. Qe3 Rcd8 26. Be4 Qd7 27. Qf3 Nb4 28. Rc1 Rc8 29. a3 Nd5 30. Bd3 Rxc1 31. Rxc1 Rc8 32. Rd1 Qa4 33. Be4 Rc4 34. Rd3 Qd7 35. Rd1 a5 36. Bd3 Rc8 37. Qe2 Qa4 38. Nd2 Qxd4 39. Ne4 Qxb2 40. Nxf6+ Qxf6 0-1